000 00390nam a22001337a 4500
005 20250912160126.0
020 _a9781032668109
082 _a342.540 83 CHA/C
100 _aChakraborthy, Gorky
_91379
245 _aCitizenship in contemporary times:
_bthe Indian context/
_cby Gorky Chakraborthy
260 _a. - London
_b: Routledge
_c, 2024
300 _axvii+284 pages
942 _2ddc
_cBK
999 _c751347
_d751347